000 00292nam a2200109Ia 4500
008 171211s9999 xx 000 0 und d
245 _aCell-Free Protein Synthesis
245 _cManish Biyani
260 _c2012
650 _xFITNESS
856 _uhttp://down.ebook777.com/064/9789535108030.pdf
999 _c349013
_d349013